000
00316nam a2200121Ia 4500
008
151021s9999 xx 000 0 und d
020
_a
9.7899660615e+012
050
_a
PA4413.w3752009
245
_a
_Antigoni
260
_a
Nairobi Longman Kenya Ltd 2009
300
_a
xiv,77p.
980
_a
^d20110107 03:37:26^oanne
999
_c
5952
_d
5952